00454nam a22001692 4500001001100000005001700011008004100028020001700069040001500086245006700101250001300168260003100181300001600212650002400228700002900252852000300281000001289920151217152117.0090331s xx 000 0 eng d a0195325911 : aKABUcKABU14aThe Oxford handbook of ethical theory /cedited by David Copp. a1st ed. aOxford :bO. U. P.,c2006. axi, 665 p. 0aEthics.@00001481221 aCopp, David.@00001698881